| 000 | 01088cam a22001694a 4500 | ||
|---|---|---|---|
| 005 | 20250605163654.0 | ||
| 008 | 250528s ||||||||||||||||||||||||d | ||
| 035 | _a24026 | ||
| 040 |
_aGR-AtMCL _bgre _dGR-AtMCL _eAACR2 |
||
| 245 | 1 | _aSupply Chain and Logistics / Το Περιοδικό για την Εφοδιαστική Αλυσίδα | |
| 260 |
_bParametros Group _bScl Magazine, _c2015 |
||
| 300 | _a80 | ||
| 520 | _aΜατιές από την 5η Εφοδιαστική Αλυσίδα και Logistics 2015: Όταν η Πυξίδα Δείχνει Επιτυχία, Συνέντευξη Jos Marinus & Nicole Geerkens_ European Logistics Association: Για να Ενδυναμώσουμε τα Logistics πρέπει να Θωρακίσουμε Ενιαία τους Logisticians, 19ο Συνέδριο Ελληνικής Εταιρείας Logistics: Rebuild Logistics and Restart Economy, Cargo Plus European Project 'Πρόδρομος': Ενοποιημένη Πλατφόρμα για Μεταφορές. | ||
| 942 | _cCR | ||
| 999 |
_c8928 _d8928 |
||